Hawaii Quiz - Statistics

General Stats
  • This quiz has been taken 26 times
  • The average score is 9 of 15
Answer Stats
Hint Answer % Correct
Most populous island Oahu
95%
Biggest island Hawaii
91%
Capital Honolulu
91%
Island Disney movie Moana
86%
Location bombed by Japanese Pearl Harbor
82%
"Thank You" in Hawaiian Mahalo
77%
Year the above event happened 1941
73%
Large pineapple plantation Dole
64%
Endangered state bird Nene
59%
Food made with spam, rice, and seaweed Musubi
55%
Another name for Coconut trees Palm
50%
Monarch who united the islands King Kamehameha
45%
Popular sport among Polynesians Football
32%
Last queen of the islands Liliuokulani
9%
Coconut Rolls Pani Popo
5%
No matching quizzes found
Score Distribution
Percent of People with Each Score
Percentile by Number Answered
Your Score History
You have not taken this quiz